Language Quiz

Random Language or Letter Quiz

Word Overlaps III Quiz Stats

 Plays Quiz Updated Apr 1, 2013

Also try: Word Overlaps II
Challenge
Share
Tweet
Embed
Score 0/30 Timer 03:00
2 Plays Today
Clue Word % Correct
Heart, Liver, Kidney.ORGAN (▼AN---)
91.5%
Avoids meat & dairy.VEGAN (▼AN---)
91.1%
Snake poison.VENOM (▼OM---)
90.9%
This, that and the _____.OTHER (▼ER---)
88.6%
Last Greek letter.OMEGA (▼GA---)
88%
Acute or obtuse.ANGLE (▼LE---)
87.9%
Military vacation time.LEAVE (▼VE---)
87.5%
Mistake, blunder.ERROR (▼OR---)
87.1%
Jewish leader.RABBI (▼BI---)
86.3%
Laughing animal.HYENA (▼NA---)
85.3%
Tortilla chip, cheese & salsa.NACHO (▼HO---)
83.9%
Circle the planet.ORBIT (▼IT---)
82.5%
Black & white horse relative.ZEBRA (▼RA---)
82.4%
Auction hammer.GAVEL (▼EL---)
82%
Background TV actor.EXTRA (▼RA---)
80.5%
Clue Word % Correct
Stereotypical attractive dumb blonde.BIMBO (▼BO---)
80%
Foolish, stupid person.IDIOT (▼OT---)
79.6%
Fidgety. Simpson's TV mouse.ITCHY (▼HY---)
75%
Fast eye movement whilst dreaming.RAPID (▼ID---)
74.3%
Pavarotti's range.TENOR (▼OR---)
72.9%
Best of the best.ELITE (▼TE---)
72%
Alcohol. Drink heavily and persistently.BOOZE (▼ZE---)
72%
Lacking company.ALONE (▼NE---)
70.7%
Side building.ANNEX (▼EX---)
69.8%
Doorbell sound.CHIME (▼ME---)
64.6%
Moonshine. Turner's dog.HOOCH (▼CH—-)
64.2%
High-IQ group.MENSA (▼SA---)
62.7%
Courage, audacity.NERVE (▼VE---)
42.9%
Outspoken, expressive.VOCAL (▼AL---)
32.5%
Burst of gunfire. Military applause.SALVO (▼VO—-)
28.6%

You're not logged in!

Compare scores with friends on all Sporcle quizzes.
OR
Log In

You Might Also Like...

Show Comments

Extras

Top Quizzes Today


Score Distribution

Your Account Isn't Verified!

In order to create a playlist on Sporcle, you need to verify the email address you used during registration. Go to your Sporcle Settings to finish the process.

Report this User

Report this user for behavior that violates our Community Guidelines.

Details: